12 little things global Filipinos can do to help our Philippines / (Record no. 292099)
[ view plain ]
| 000 -LEADER | |
|---|---|
| fixed length control field | 00665nam a2200229Ia 4500 |
| 008 - FIXED-LENGTH DATA ELEMENTS--GENERAL INFORMATION | |
| fixed length control field | 160319s9999 xx 000 0 und d |
| 020 ## - INTERNATIONAL STANDARD BOOK NUMBER | |
| International Standard Book Number | 9789719335726 |
| 050 ## - LIBRARY OF CONGRESS CALL NUMBER | |
| Classification number | 140.5 |
| 050 ## - LIBRARY OF CONGRESS CALL NUMBER | |
| Item number | L149t 2011 |
| 100 ## - MAIN ENTRY--PERSONAL NAME | |
| Personal name | Lacson, Alex |
| 245 ## - TITLE STATEMENT | |
| Title | 12 little things global Filipinos can do to help our Philippines / |
| 245 ## - TITLE STATEMENT | |
| Statement of responsibility, etc | Alexander Lacson. |
| 260 ## - PUBLICATION, DISTRIBUTION, ETC. (IMPRINT) | |
| Place of publication, distribution, etc | Quezon City : |
| 260 ## - PUBLICATION, DISTRIBUTION, ETC. (IMPRINT) | |
| Name of publisher, distributor, etc | Alay Pinoy Publishing House. |
| 260 ## - PUBLICATION, DISTRIBUTION, ETC. (IMPRINT) | |
| Date of publication, distribution, etc | 1996 |
| 300 ## - PHYSICAL DESCRIPTION | |
| Extent | xii, 98pages; |
| 300 ## - PHYSICAL DESCRIPTION | |
| Dimensions | 17cm. |
| 650 ## - SUBJECT ADDED ENTRY--TOPICAL TERM | |
| Topical term or geographic name as entry element | Nationalism |
| 650 ## - SUBJECT ADDED ENTRY--TOPICAL TERM | |
| Topical term or geographic name as entry element | Patriotism |
| 650 ## - SUBJECT ADDED ENTRY--TOPICAL TERM | |
| Topical term or geographic name as entry element | Philippines--Social aspects |
| 650 ## - SUBJECT ADDED ENTRY--TOPICAL TERM | |
| General subdivision | Civics, Philippines |
| Withdrawn status | Lost status | Damaged status | Home library | Current library | Shelving location | Date acquired | Total Checkouts | Full call number | Barcode | Date last seen | Price effective from | Koha item type |
|---|---|---|---|---|---|---|---|---|---|---|---|---|
| Stonyhurst Southville International School (Batangas) | Stonyhurst Southville International School (Batangas) | Filipiniana Section | 03/19/2016 | Fil 140.5 L149t 2011 | US 1706 | 03/19/2016 | 03/19/2016 | Books |